The principles of current methods for the study of electrochemical reactions
সংরক্ষণ করুন:
| প্রধান লেখক: | |
|---|---|
| বিন্যাস: | গ্রন্থ |
| ভাষা: | ইংরেজি |
| প্রকাশিত: |
Nueva York
McGraw-Hill
1967
|
| বিষয়গুলি: | |
| ট্যাগগুলো: |
ট্যাগ যুক্ত করুন
কোনো ট্যাগ নেই, প্রথমজন হিসাবে ট্যাগ করুন!
|
MARC
| LEADER | 00000nam a2200000 a 4500 | ||
|---|---|---|---|
| 001 | UCU3624 | ||
| 003 | CL-VaPUC | ||
| 008 | 960510e19670000US |||||||||||||||||eng|d | ||
| 082 | 0 | 4 | |a 541.393 |b DAM |2 21 |
| 100 | |a Damaskin, Boris B |e author |9 360674 | ||
| 245 | 1 | 4 | |a The principles of current methods for the study of electrochemical reactions |
| 300 | |a 112 p | ||
| 942 | |c BK | ||
| 945 | |d 19960510 00:00:00 |a paguirre | ||
| 260 | |a Nueva York |b McGraw-Hill |c 1967 | ||
| 650 | 0 | |a Reacciones químicas |9 259438 | |
| 650 | 0 | |a Cinética |9 260943 | |
| 650 | 0 | |a Cinética química |9 344779 | |
| 650 | 0 | |a Electroquímica |9 263973 | |
| 650 | 7 | |a GALVANOPLASTIA |2 CL-VaPUC |9 360675 | |
| 583 | |a last modification |c 20180403 10:54:42 |k Rodrigo Vera | ||
| 999 | |c 247568 |d 247566 | ||
| 952 | |0 0 |1 0 |4 0 |6 541_393000000000000_DAM_1967 |7 0 |8 A |9 263571 |a BIBING |b BIBING |d 2019-11-19 |i 1656074 |o 541.393 DAM 1967 |p 1656074 |r 2025-01-20 |w 2019-11-19 |y BK |k ING | ||